<?xml version="1.0" encoding="UTF-8"?>
<record
    xmlns:xsi="http://www.w3.org/2001/XMLSchema-instance"
    xsi:schemaLocation="http://www.loc.gov/MARC21/slim http://www.loc.gov/standards/marcxml/schema/MARC21slim.xsd"
    xmlns="http://www.loc.gov/MARC21/slim">

  <leader>01318aas a2200241   4500</leader>
  <datafield tag="952" ind1=" " ind2=" ">
    <subfield code="0">0</subfield>
    <subfield code="1">0</subfield>
    <subfield code="4">0</subfield>
    <subfield code="7">0</subfield>
    <subfield code="8">HEM</subfield>
    <subfield code="a">FUSBC</subfield>
    <subfield code="b">FUSBC</subfield>
    <subfield code="d">2016-01-26</subfield>
    <subfield code="l">0</subfield>
    <subfield code="o"> </subfield>
    <subfield code="r">2016-01-26 00:00:00</subfield>
    <subfield code="w">2016-01-26</subfield>
    <subfield code="y">ANA</subfield>
  </datafield>
  <datafield tag="999" ind1=" " ind2=" ">
    <subfield code="c">53815</subfield>
    <subfield code="d">53815</subfield>
  </datafield>
  <controlfield tag="001">768714001</controlfield>
  <controlfield tag="003">CO-MdFUSB</controlfield>
  <controlfield tag="005">20171120152609.0</controlfield>
  <controlfield tag="008">170808s1997    xxu||||| |||| 00| 0 eng d</controlfield>
  <datafield tag="022" ind1=" " ind2=" ">
    <subfield code="a">0098-9444</subfield>
  </datafield>
  <datafield tag="040" ind1=" " ind2=" ">
    <subfield code="a">CO-MdFUSB</subfield>
    <subfield code="b">spa</subfield>
    <subfield code="c">CO-MdFUSB</subfield>
    <subfield code="d">CO-MdFUSB</subfield>
  </datafield>
  <datafield tag="041" ind1=" " ind2=" ">
    <subfield code="a">eng</subfield>
  </datafield>
  <datafield tag="100" ind1="1" ind2=" ">
    <subfield code="a">Nur, Amos</subfield>
    <subfield code="e">autor </subfield>
  </datafield>
  <datafield tag="242" ind1=" " ind2=" ">
    <subfield code="a">&#xA1;Terremoto! : </subfield>
    <subfield code="b">inspiraci&#xF3;n para Armaged&#xF3;n</subfield>
  </datafield>
  <datafield tag="245" ind1="1" ind2="0">
    <subfield code="a">Earthquake! :</subfield>
    <subfield code="b">inspitation for Armageddon</subfield>
    <subfield code="c">/ Amos Nur y Hagai Ron</subfield>
  </datafield>
  <datafield tag="300" ind1=" " ind2=" ">
    <subfield code="a">Volumen 23. N&#xFA;mero 4 (1997), p&#xE1;ginas 48-55</subfield>
    <subfield code="c">: 28 cm.</subfield>
  </datafield>
  <datafield tag="520" ind1="1" ind2=" ">
    <subfield code="a">El libro de apocalipsis predice que en el fin de los tiempos de violencia sin precedentes golpeara a Armageddon, o el Monte Megiddo.No es accidental que este escenario apocal&#xED;ptico se establezca donde est&#xE1;: la profec&#xED;a refleja la composici&#xF3;n geol&#xF3;gica del sitio, a horcajadas sobre una gran falla en el norte de Israel. Dos geof&#xED;sicos revisan la poderosa evidencia, incluidos los esqueletos aplastados y las paredes derrumbadas, que dejaron atr&#xE1;s los repetidos terremotos que devastaron Meguido en la antig&#xFC;edad.</subfield>
  </datafield>
  <datafield tag="546" ind1=" " ind2=" ">
    <subfield code="a">Texto en ingl&#xE9;s</subfield>
  </datafield>
  <datafield tag="650" ind1=" " ind2="7">
    <subfield code="9">403</subfield>
    <subfield code="a">Excavaciones arqueol&#xF3;gicas</subfield>
  </datafield>
  <datafield tag="700" ind1="1" ind2=" ">
    <subfield code="a">Ron, Hagai</subfield>
    <subfield code="e">autor</subfield>
  </datafield>
  <datafield tag="773" ind1="0" ind2=" ">
    <subfield code="t">Biblical Archaeology Review</subfield>
    <subfield code="0">49395</subfield>
    <subfield code="9">59489</subfield>
    <subfield code="g">Volumen 23. N&#xFA;mero 4 (1997), p&#xE1;ginas 48-55</subfield>
    <subfield code="q">P&#xE1;gina 48</subfield>
  </datafield>
  <datafield tag="942" ind1=" " ind2=" ">
    <subfield code="c">ANA</subfield>
  </datafield>
</record>
